<?xml version="1.0" encoding="UTF-8"?><?xml-stylesheet type="text/xsl" href="static/style.xsl"?><OAI-PMH xmlns="http://www.openarchives.org/OAI/2.0/" xmlns:xsi="http://www.w3.org/2001/XMLSchema-instance" xsi:schemaLocation="http://www.openarchives.org/OAI/2.0/ http://www.openarchives.org/OAI/2.0/OAI-PMH.xsd"><responseDate>2026-04-28T01:17:06Z</responseDate><request verb="GetRecord" identifier="oai:uvadoc.uva.es:10324/74191" metadataPrefix="marc">https://uvadoc.uva.es/oai/request</request><GetRecord><record><header><identifier>oai:uvadoc.uva.es:10324/74191</identifier><datestamp>2025-02-20T07:51:51Z</datestamp><setSpec>com_10324_1180</setSpec><setSpec>com_10324_931</setSpec><setSpec>com_10324_894</setSpec><setSpec>col_10324_1377</setSpec></header><metadata><record xmlns="http://www.loc.gov/MARC21/slim" xmlns:doc="http://www.lyncode.com/xoai" xmlns:xsi="http://www.w3.org/2001/XMLSchema-instance" xmlns:dcterms="http://purl.org/dc/terms/" xsi:schemaLocation="http://www.loc.gov/MARC21/slim http://www.loc.gov/standards/marcxml/schema/MARC21slim.xsd">
<leader>00925njm 22002777a 4500</leader>
<datafield tag="042" ind1=" " ind2=" ">
<subfield code="a">dc</subfield>
</datafield>
<datafield tag="720" ind1=" " ind2=" ">
<subfield code="a">Anton Heredero, Juan De</subfield>
<subfield code="e">author</subfield>
</datafield>
<datafield tag="720" ind1=" " ind2=" ">
<subfield code="a">Ruiz Martín, Cristina</subfield>
<subfield code="e">author</subfield>
</datafield>
<datafield tag="720" ind1=" " ind2=" ">
<subfield code="a">Villafáñez Cardeñoso, Félix Antonio</subfield>
<subfield code="e">author</subfield>
</datafield>
<datafield tag="720" ind1=" " ind2=" ">
<subfield code="a">Poza Garcia, David Jesús</subfield>
<subfield code="e">author</subfield>
</datafield>
<datafield tag="260" ind1=" " ind2=" ">
<subfield code="c">2024</subfield>
</datafield>
<datafield tag="520" ind1=" " ind2=" ">
<subfield code="a">The surge in electronic procurement is fostering the proliferation of electronic marketplaces and advanced auctions as primary coordination mechanisms. Among these, combinatorial and double auctions are gaining traction in the procurement sector. However, prevalent implementations often assume participants to be perfectly rational, adhering to predefined behaviors within the auction model. These centralized models, while prevalent, fail to capture the intricate dynamics of real auction environments adequately. Consequently, there is a growing recognition of the necessity for decentralized models within an agentbased framework to simulate such auctions authentically. The contribution of this work is the application of the DEVS formalism to develop a decentralized model for a combinatorial iterative double auction to address the limitations of centralized implementations. The model is formally defined, and a case study is presented to verify it against its centralized version. This is the first step toward accommodating agents with varied behavioral patterns within auction simulations.</subfield>
</datafield>
<datafield tag="024" ind2=" " ind1="8">
<subfield code="a">2024 Winter Simulation Conference. Orlando, FL, USA</subfield>
</datafield>
<datafield tag="024" ind2=" " ind1="8">
<subfield code="a">979-8-3315-3420-2</subfield>
</datafield>
<datafield tag="024" ind2=" " ind1="8">
<subfield code="a">https://uvadoc.uva.es/handle/10324/74191</subfield>
</datafield>
<datafield tag="024" ind2=" " ind1="8">
<subfield code="a">10.1109/WSC63780.2024.10838958</subfield>
</datafield>
<datafield tag="245" ind1="0" ind2="0">
<subfield code="a">DEVS as a Method to Model and Simulate Combinatorial Double Auctions for E-Procurement</subfield>
</datafield>
</record></metadata></record></GetRecord></OAI-PMH>